Pays en C en 1 minute - Statistiques

Statistiques générales
  • Ce quiz a été pris 524 fois
  • Le résultat moyen est 9 sur 16
Statistiques - réponses
Pays en "C" % Correct
Chine
82%
Canada
75%
Croatie
67%
Colombie
66%
Cameroun
62%
Chili
57%
Corée du Sud
57%
Corée du Nord
56%
Cambodge
54%
Congo
53%
Chypre
51%
Costa Rica
41%
Comores
40%
Cuba
37%
Cote d'Ivoire
32%
Cap Vert
30%
Aucun quiz correspondant
Distribution des résultats
% des personnes avec chaque résultat
Percentile par nombre de réponses
Votre historique - résultats
Vous n’avez pas pris ce quiz